000 00887nam a2200277Ia 4500
005 20220316235636.0
008 121119s2002 sp a gr 000 j spa
020 _a843485709X
041 0 _aspa
100 1 _aCarranza, Maite
245 1 0 _aMargarita metepatas
_cMaite Carranza ; ilustraciones, Margarita Menéndez
250 _aPrimera edición
300 _a32 páginas
_bilustraciones
490 0 _aEl barco de vapor : los piratas
650 1 4 _aLiteratura infantil
_2LEMB
650 1 4 _aCuentos infantiles españoles
_2LEMB
650 1 4 _aLibros ilustrados para niños
_2LEMB
700 1 _aMenéndez, Margarita
_eilustrador
_939820
942 _2loc
_cBKINF
264 _aMadrid
_bS. M.
_c2002
336 _atexto
_btxt
_2rdacontent
337 _asin mediación
_bn
_2rdamedia
338 _avolumen
_bnc
_2rdacarrier
040 _aCO-BoRNBP
_bspa
_erda
_cCO-BoRNBP
084 _aC CAR4
999 _c1653
_d1653